Statistics for 1959 College Football AP Poll

Click here to take the quiz!

General Stats

  • This quiz has been taken 11 times
  • The average score is 218 of 260

Answer Stats

WeekRankTeamWLTConference% Correct
Week 12 (12/7)10Alabama712SEC
100%
Week 11 (11/30)11Alabama712SEC
100%
Week 9 (11/16)17Alabama512SEC
100%
Week 10 (11/23)19Alabama612SEC
100%
Week 2 (9/28)8Notre Dame10Independent
100%
Week 11 (11/30)19Notre Dame55Independent
100%
Preseason16Notre Dame00Independent
100%
Week 12 (12/7)17Notre Dame55Independent
100%
Week 5 (10/19)20Ohio State20Big Ten
100%
Preseason7Ohio State00Big Ten
100%
Week 2 (9/28)14Ohio State10Big Ten
100%
Week 1 (9/21)12Ohio State00Big Ten
100%
Week 5 (10/19)18Oklahoma32Big Seven
100%
Week 11 (11/30)15Oklahoma73Big Seven
100%
Week 1 (9/21)2Oklahoma00Big Seven
100%
Preseason2Oklahoma00Big Seven
100%
Week 3 (10/5)13Oklahoma11Big Seven
100%
Week 12 (12/7)15Oklahoma73Big Seven
100%
Week 10 (11/23)17Oklahoma63Big Seven
100%
Week 6 (10/26)19Oklahoma42Big Seven
100%
Week 9 (11/16)20Tennessee521SEC
100%
Week 4 (10/12)14Tennessee21SEC
100%
Week 6 (10/26)20Tennessee311SEC
100%
Week 2 (9/28)9Tennessee10SEC
100%
Week 8 (11/9)9Tennessee511SEC
100%
Week 3 (10/5)8Tennessee20SEC
100%
Week 7 (11/2)13Tennessee411SEC
100%
Week 11 (11/30)4Texas91Southwest
100%
Week 10 (11/23)4Texas81Southwest
100%
Week 1 (9/21)15Texas10Southwest
100%
Week 2 (9/28)10Texas20Southwest
100%
Week 3 (10/5)4Texas30Southwest
100%
Week 9 (11/16)5Texas81Southwest
100%
Week 4 (10/12)3Texas40Southwest
100%
Week 8 (11/9)2Texas80Southwest
100%
Week 5 (10/19)3Texas50Southwest
100%
Preseason17Texas00Southwest
100%
Week 12 (12/7)4Texas91Southwest
100%
Week 7 (11/2)3Texas70Southwest
100%
Week 6 (10/26)4Texas60Southwest
100%
Week 9 (11/16)4USC80Western Universities
100%
Week 4 (10/12)7USC30Western Universities
100%
Week 3 (10/5)6USC30Western Universities
100%
Week 5 (10/19)5USC40Western Universities
100%
Week 7 (11/2)6USC60Western Universities
100%
Week 10 (11/23)7USC81Western Universities
100%
Week 2 (9/28)11USC20Western Universities
100%
Week 8 (11/9)4USC70Western Universities
100%
Week 6 (10/26)6USC50Western Universities
100%
Week 11 (11/30)13USC82Western Universities
100%
Week 1 (9/21)11USC10Western Universities
100%
Week 12 (12/7)14USC82Western Universities
100%
Week 9 (11/16)13Arkansas72Southwest
89%
Week 12 (12/7)9Arkansas82Southwest
89%
Week 4 (10/12)12Arkansas40Southwest
89%
Week 8 (11/9)20Arkansas62Southwest
89%
Week 10 (11/23)10Arkansas82Southwest
89%
Week 3 (10/5)19Arkansas30Southwest
89%
Week 11 (11/30)9Arkansas82Southwest
89%
Week 7 (11/2)16Arkansas52Southwest
89%
Week 5 (10/19)10Arkansas41Southwest
89%
Week 6 (10/26)17Arkansas42Southwest
89%
Week 1 (9/21)7Army00Independent
89%
Week 2 (9/28)4Army10Independent
89%
Preseason5Army00Independent
89%
Week 8 (11/9)8Auburn61SEC
89%
Week 10 (11/23)11Auburn72SEC
89%
Week 4 (10/12)11Auburn21SEC
89%
Week 6 (10/26)8Auburn41SEC
89%
Preseason3Auburn00SEC
89%
Week 2 (9/28)17Auburn01SEC
89%
Week 1 (9/21)3Auburn00SEC
89%
Week 3 (10/5)14Auburn11SEC
89%
Week 9 (11/16)12Auburn62SEC
89%
Week 7 (11/2)8Auburn51SEC
89%
Week 5 (10/19)7Auburn31SEC
89%
Week 5 (10/19)17Clemson31ACC
89%
Week 4 (10/12)15Clemson31ACC
89%
Week 6 (10/26)12Clemson41ACC
89%
Week 7 (11/2)10Clemson51ACC
89%
Week 1 (9/21)5Clemson10ACC
89%
Preseason18Clemson00ACC
89%
Week 2 (9/28)6Clemson20ACC
89%
Week 12 (12/7)11Clemson82ACC
89%
Week 10 (11/23)14Clemson72ACC
89%
Week 11 (11/30)10Clemson82ACC
89%
Week 8 (11/9)11Clemson61ACC
89%
Week 9 (11/16)19Clemson62ACC
89%
Week 1 (9/21)17Georgia10SEC
89%
Week 7 (11/2)11Georgia61SEC
89%
Week 9 (11/16)6Georgia81SEC
89%
Week 6 (10/26)14Georgia51SEC
89%
Week 11 (11/30)5Georgia91SEC
89%
Week 2 (9/28)13Georgia20SEC
89%
Week 10 (11/23)6Georgia81SEC
89%
Week 8 (11/9)12Georgia71SEC
89%
Week 12 (12/7)5Georgia91SEC
89%
Week 10 (11/23)3LSU91SEC
89%
Week 6 (10/26)1LSU60SEC
89%
Week 2 (9/28)1LSU20SEC
89%
Week 3 (10/5)1LSU30SEC
89%
Week 11 (11/30)3LSU91SEC
89%
Week 7 (11/2)1LSU70SEC
89%
Preseason1LSU00SEC
89%
Week 8 (11/9)3LSU71SEC
89%
Week 4 (10/12)1LSU40SEC
89%
Week 9 (11/16)3LSU81SEC
89%
Week 5 (10/19)1LSU50SEC
89%
Week 12 (12/7)3LSU91SEC
89%
Week 1 (9/21)1LSU10SEC
89%
Week 9 (11/16)11Michigan State53Big Ten
89%
Week 8 (11/9)19Michigan State43Big Ten
89%
Preseason19Michigan State00Big Ten
89%
Preseason12North Carolina00ACC
89%
Week 4 (10/12)10Penn State40Independent
89%
Week 10 (11/23)15Penn State82Independent
89%
Week 3 (10/5)16Penn State30Independent
89%
Week 8 (11/9)10Penn State71Independent
89%
Week 12 (12/7)12Penn State82Independent
89%
Week 11 (11/30)14Penn State82Independent
89%
Week 6 (10/26)7Penn State60Independent
89%
Week 1 (9/21)18Penn State10Independent
89%
Week 7 (11/2)7Penn State70Independent
89%
Week 5 (10/19)8Penn State50Independent
89%
Week 9 (11/16)7Penn State81Independent
89%
Week 7 (11/2)14Purdue312Big Ten
89%
Week 6 (10/26)11Purdue311Big Ten
89%
Week 5 (10/19)14Purdue211Big Ten
89%
Week 4 (10/12)6Purdue201Big Ten
89%
Preseason11Purdue00Big Ten
89%
Week 3 (10/5)7Purdue101Big Ten
89%
Week 2 (9/28)16South Carolina20ACC
89%
Preseason14South Carolina00ACC
89%
Week 1 (9/21)20South Carolina10ACC
89%
Week 3 (10/5)11South Carolina30ACC
89%
Week 8 (11/9)18TCU52Southwest
89%
Week 1 (9/21)9TCU10Southwest
89%
Week 10 (11/23)8TCU72Southwest
89%
Preseason13TCU00Southwest
89%
Week 7 (11/2)17TCU52Southwest
89%
Week 9 (11/16)10TCU62Southwest
89%
Week 5 (10/19)16TCU32Southwest
89%
Week 6 (10/26)15TCU42Southwest
89%
Week 11 (11/30)7TCU82Southwest
89%
Week 12 (12/7)7TCU82Southwest
89%
Week 11 (11/30)6Wisconsin72Big Ten
89%
Week 8 (11/9)7Wisconsin61Big Ten
89%
Week 12 (12/7)6Wisconsin72Big Ten
89%
Week 2 (9/28)12Wisconsin10Big Ten
89%
Week 7 (11/2)9Wisconsin51Big Ten
89%
Week 10 (11/23)5Wisconsin72Big Ten
89%
Week 1 (9/21)8Wisconsin00Big Ten
89%
Week 5 (10/19)12Wisconsin31Big Ten
89%
Week 9 (11/16)9Wisconsin62Big Ten
89%
Week 3 (10/5)9Wisconsin20Big Ten
89%
Preseason6Wisconsin00Big Ten
89%
Week 6 (10/26)10Wisconsin41Big Ten
89%
Week 8 (11/9)15Georgia Tech62SEC
78%
Week 4 (10/12)4Georgia Tech40SEC
78%
Week 6 (10/26)9Georgia Tech51SEC
78%
Week 3 (10/5)3Georgia Tech30SEC
78%
Week 1 (9/21)16Georgia Tech10SEC
78%
Week 5 (10/19)9Georgia Tech41SEC
78%
Week 7 (11/2)19Georgia Tech52SEC
78%
Week 2 (9/28)7Georgia Tech20SEC
78%
Week 11 (11/30)12Illinois531Big Ten
78%
Week 5 (10/19)13Illinois31Big Ten
78%
Week 3 (10/5)20Illinois11Big Ten
78%
Week 12 (12/7)13Illinois531Big Ten
78%
Week 4 (10/12)13Illinois21Big Ten
78%
Week 10 (11/23)13Illinois531Big Ten
78%
Week 8 (11/9)16Iowa43Big Ten
78%
Week 2 (9/28)5Iowa10Big Ten
78%
Week 9 (11/16)16Iowa53Big Ten
78%
Week 5 (10/19)15Iowa22Big Ten
78%
Preseason9Iowa00Big Ten
78%
Week 3 (10/5)10Iowa11Big Ten
78%
Week 1 (9/21)13Iowa00Big Ten
78%
Week 4 (10/12)9Iowa21Big Ten
78%
Week 1 (9/21)13Navy10Independent
78%
Week 2 (9/28)15Navy20Independent
78%
Week 7 (11/2)2Northwestern60Big Ten
78%
Week 6 (10/26)2Northwestern50Big Ten
78%
Week 9 (11/16)8Northwestern62Big Ten
78%
Week 4 (10/12)2Northwestern30Big Ten
78%
Week 2 (9/28)2Northwestern10Big Ten
78%
Week 3 (10/5)2Northwestern20Big Ten
78%
Week 5 (10/19)2Northwestern40Big Ten
78%
Preseason10Northwestern00Big Ten
78%
Week 1 (9/21)10Northwestern00Big Ten
78%
Week 8 (11/9)6Northwestern61Big Ten
78%
Week 2 (9/28)3Ole Miss20SEC
78%
Week 10 (11/23)2Ole Miss81SEC
78%
Week 11 (11/30)2Ole Miss91SEC
78%
Week 3 (10/5)5Ole Miss30SEC
78%
Week 12 (12/7)2Ole Miss91SEC
78%
Week 6 (10/26)3Ole Miss60SEC
78%
Week 1 (9/21)4Ole Miss10SEC
78%
Preseason8Ole Miss00SEC
78%
Week 9 (11/16)2Ole Miss81SEC
78%
Week 7 (11/2)5Ole Miss61SEC
78%
Week 4 (10/12)5Ole Miss40SEC
78%
Week 8 (11/9)5Ole Miss71SEC
78%
Week 5 (10/19)4Ole Miss50SEC
78%
Week 9 (11/16)15Oregon81Independent
78%
Week 7 (11/2)15Oregon61Independent
78%
Week 6 (10/26)16Oregon51Independent
78%
Week 8 (11/9)14Oregon71Independent
78%
Week 5 (10/19)11Oregon50Independent
78%
Week 11 (11/30)1Syracuse90Independent
78%
Week 7 (11/2)4Syracuse60Independent
78%
Week 5 (10/19)6Syracuse40Independent
78%
Week 8 (11/9)1Syracuse70Independent
78%
Week 3 (10/5)12Syracuse20Independent
78%
Week 4 (10/12)8Syracuse30Independent
78%
Preseason20Syracuse00Independent
78%
Week 9 (11/16)1Syracuse80Independent
78%
Week 2 (9/28)20Syracuse10Independent
78%
Week 12 (12/7)1Syracuse100Independent
78%
Week 10 (11/23)1Syracuse90Independent
78%
Week 6 (10/26)5Syracuse50Independent
78%
Week 10 (11/23)20UCLA431Western Universities
78%
Week 11 (11/30)17UCLA531Western Universities
78%
Week 12 (12/7)8Washington91Western Universities
78%
Week 11 (11/30)8Washington91Western Universities
78%
Week 9 (11/16)14Washington81Western Universities
78%
Week 8 (11/9)13Washington71Western Universities
78%
Week 10 (11/23)9Washington91Western Universities
78%
Week 6 (10/26)17Washington51Western Universities
78%
Week 7 (11/2)12Washington61Western Universities
78%
Week 4 (10/12)18Washington40Western Universities
78%
Week 6 (10/26)13Yale50Ivy League
78%
Week 5 (10/19)19Yale40Ivy League
78%
Week 1 (9/21)19Florida10SEC
67%
Week 12 (12/7)19Florida541SEC
67%
Week 2 (9/28)19Florida20SEC
67%
Week 11 (11/30)18Florida541SEC
67%
Week 3 (10/5)17Florida30SEC
67%
Week 4 (10/12)19Florida301SEC
67%
Week 10 (11/23)12Miami63Independent
67%
Week 9 (11/16)18Miami53Independent
67%
Week 4 (10/12)20Pittsburgh31Independent
67%
Week 12 (12/7)20Pittsburgh64Independent
67%
Week 10 (11/23)16Pittsburgh64Independent
67%
Week 3 (10/5)15SMU11Southwest
67%
Week 4 (10/12)15SMU21Southwest
67%
Preseason4SMU00Southwest
67%
Week 1 (9/21)6SMU00Southwest
67%
Week 12 (12/7)18Missouri64Big Seven
44%
Week 10 (11/23)18Missouri64Big Seven
44%
Week 11 (11/30)20Missouri64Big Seven
44%
Week 3 (10/5)18Air Force20Independent
33%
Week 2 (9/28)18Air Force10Independent
33%
Week 7 (11/2)18Air Force411Independent
33%
Week 4 (10/12)17Air Force30Independent
33%
Preseason15Air Force00Independent
33%
Week 11 (11/30)16Wyoming91Skyline Conference
22%
Week 12 (12/7)16Wyoming91Skyline Conference
22%
Week 8 (11/9)16North Texas State80Missouri Valley
11%
Week 7 (11/2)20North Texas State70Missouri Valley
11%

Score Distribution

Percentile by Number Answered

Percent of People with Each Score

Your Score History

You have not taken this quiz